| 000 | 01425nam a2200373 i 4500 | ||
|---|---|---|---|
| 001 | 13393 | ||
| 003 | KOSZ 005 | ||
| 005 | 20191015090311.0 | ||
| 008 | 080201s1964 pl a f 000 0 pol | ||
| 015 | _aPB 1964/1240 | ||
| 035 | _a(OCoLC)804226592 | ||
| 040 |
_aWA N _cWA N _dKOSZ 005/KK |
||
| 041 | 1 |
_apol _hrus |
|
| 080 | _a621 | ||
| 100 | 1 |
_aSakun, Ivan Akimovič. _eAutor. |
|
| 245 | 1 | 0 |
_aSprężarki śrubowe / _cI.A. Sakun ; tłumaczenie A. Obertyński, S. Katarzyński. |
| 246 | 1 |
_iTytuł oryginału: _aVintovye kompressory. |
|
| 260 |
_aWarszawa : _bWydawnictwa Naukowo-Techniczne, _c1964. |
||
| 300 |
_a318, [2]stron : _bilustracje ; _c23 cm. |
||
| 336 |
_2rdacontent _aTekst _btxt |
||
| 337 |
_2rdamedia _aBez urządzenia pośredniczącego _bn |
||
| 338 |
_2rdacarrier _aWolumin _bnc |
||
| 380 | _aKsiążki. | ||
| 504 | _aBibliografia na stronach 317-[319]. | ||
| 521 | 8 | _aDla inżynierów mechaników, konstruktorów oraz studentów wyższych uczelni technicznych. | |
| 658 | _aInżynieria i technika | ||
| 655 | 4 | _aPodręczniki akademickie | |
| 650 | 4 | _aSprężarki | |
| 700 | 1 |
_aObertyński, Apoloniusz. _eTłumaczenie |
|
| 700 | 1 |
_aKatarzyński, Stefan. _eTłumaczenie |
|
| 710 | 2 |
_aWydawnictwa Naukowo-Techniczne _4pbl. |
|
| 856 |
_uhttp://koha.tu.koszalin.pl/cgi-bin/koha/opac-detail.pl?biblionumber=13393 _yKatalog online BPK |
||
| 942 |
_2UKD _cKS |
||
| 999 |
_c13393 _d13393 |
||